Thoreau at Walden / (Record no. 9421)

MARC details
000 -LEADER
fixed length control field 01052nam a22002537a 4500
001 - CONTROL NUMBER
control field 9421
003 - CONTROL NUMBER IDENTIFIER
control field FISKH
005 - DATE AND TIME OF LATEST TRANSACTION
control field 20260106122031.0
008 - FIXED-LENGTH DATA ELEMENTS--GENERAL INFORMATION
fixed length control field 260106b cb ||||| |||| 00| 0 eng d
020 ## - INTERNATIONAL STANDARD BOOK NUMBER
International Standard Book Number 9780545656290
040 ## - CATALOGING SOURCE
Original cataloging agency FISKH
Language of cataloging eng
Transcribing agency FISKH
Modifying agency FISKH
050 ## - LIBRARY OF CONGRESS CALL NUMBER
Classification number PS3048 .A1
082 ## - DEWEY DECIMAL CLASSIFICATION NUMBER
Classification number 818.303
100 ## - MAIN ENTRY--PERSONAL NAME
Personal name Porcellino , John
245 ## - TITLE STATEMENT
Title Thoreau at Walden /
Statement of responsibility, etc. by John Porcellino from the writings of Henry David Thoreau with an introduction by D.B . Johnson
260 ## - PUBLICATION, DISTRIBUTION, ETC.
Place of publication, distribution, etc. New York :
Name of publisher, distributor, etc. Scholastic ,
Date of publication, distribution, etc. 2008 .
300 ## - PHYSICAL DESCRIPTION
Extent 99 pages :
Other physical details color illustrations ;
Dimensions 25 cm .
490 ## - SERIES STATEMENT
Series statement The Center for Cartoon Studies Presents
520 ## - SUMMARY, ETC.
Summary, etc. This graphic novel, narrated in Thoreau's own words, weaves together elements from "Walden," "Civil disobedience," "Walking," and Thoreau's journals to tell the story of his two years in the woods and of the night he spent in jail for refusing to pay a poll tax.
650 ## - SUBJECT ADDED ENTRY--TOPICAL TERM
Topical term or geographic name entry element Cartoons
Form subdivision Graphic novel
650 ## - SUBJECT ADDED ENTRY--TOPICAL TERM
Topical term or geographic name entry element Transcendentalists
Form subdivision Graphic novel
942 ## - ADDED ENTRY ELEMENTS (KOHA)
Source of classification or shelving scheme Dewey Decimal Classification
Koha item type Books
Suppress in OPAC No
Holdings
Withdrawn status Lost status Source of classification or shelving scheme Damaged status Not for loan Collection Home library Current library Shelving location Date acquired Total Checkouts Full call number Barcode Date last seen Price effective from Koha item type
    Dewey Decimal Classification     Juvenile Fiction Footprints International School Library Network Toul Tom Poung Campus Footprints International School Library Network Toul Tom Poung Campus TTP Comic Books all Levels 01/06/2026   POR 818.303 PS3048 .A1 FISSE02195 01/06/2026 01/06/2026 Books